000 00378nam a2200145Ia 4500
005 20250618152602.0
008 250618s9999 xx 000 0 und d
020 _a9780521098120
082 _a901
_bBOL
100 _aBolgar, R. R.
245 4 _aThe Classical Heritage and Its Beneficiaries
260 _bCambridge University Press
_c1954
300 _a600
942 _cENGLISH
999 _c572749
_d572749